| 000 | 01133nam a2200361Ia 4500 | ||
|---|---|---|---|
| 001 | dia_5961 | ||
| 003 | CHAP | ||
| 005 | 20240125130303.0 | ||
| 008 | 220117s2009 xx 000 0 und d | ||
| 010 | _a177094 | ||
| 020 | _a978-607-7-00082-2 | ||
| 040 | _cCHAP | ||
| 082 | _a808.839352042 T36 C58 2009 | ||
| 100 |
_aTan, Amy _9160182 |
||
| 245 | _aEl club de la buena estrella \ Amy Tan ; traducción Jordi Fibla | ||
| 260 |
_aMéxico : _b Planeta Mexicana, _c2009 |
||
| 300 | _a390 p. | ||
| 440 |
_aBooket _9153675 |
||
| 500 | _aTítulo original: The joy luck club | ||
| 503 | _aC. | ||
| 590 | _aPS3570.A48 C58 2009 | ||
| 650 | 0 |
_aAmerican literature _y20th century _9153260 |
|
| 650 |
_aFiction _9152751 |
||
| 650 | 0 |
_aLiteratura americana _ySiglo XX _9153261 |
|
| 650 |
_aMujer _xSociedades y clubes _xNovela _9160183 |
||
| 650 |
_aNovela _982011 |
||
| 650 |
_aWomen _xSocieties and clubs _xFiction _9160184 |
||
| 700 |
_aFibla, Jordi, tr. _9160185 |
||
| 901 | _a808.839352042 T36 C58 2009 | ||
| 902 | _aA | ||
| 905 | _a5232272009 mx x 9222223332spa16 | ||
| 942 |
_cLIBRO _2ddc |
||
| 999 |
_c177094 _d177094 |
||